Autobusová stanica v Novom Meste nad Váhom

Na minha lista:
Detalhes bibliográficos
Autor principal: Sadloň, Jakub (Author)
Outros Autores: Hermann, Juraj (Thesis advisor)
Formato: Manuscrito Livro
Idioma:eslovaco
Publicado em: 2025
Assuntos:
Acesso em linha:http://is.stuba.sk/zp/portal_zp.pl?podrobnosti=176347
CRZP
Tags: Adicionar Tag
Sem tags, seja o primeiro a adicionar uma tag!

MARC

LEADER 00000ntm a22000003a 4500
001 stuzp105596
003 SK-STU
005 20250731151112.0
007 ta
008 150427s2015----xo-----f-mn---000-0-slo-d
040 |a STU  |b slo 
041 0 |a slo 
100 1 |a Sadloň, Jakub  |u 010310  |4 aut  |U SvF Stavebná fakulta  |T SvF Katedra architektúry  |X 98418  |U V181|V310  |Y 19  |7 98418 
242 0 1 |a Bus Station in Nové Mesto nad Váhom  |y eng 
245 1 0 |a Autobusová stanica v Novom Meste nad Váhom 
260 |c 2025 
650 4 |a Nové Mesto nad Váhom  |2 eng 
650 4 |a bus station  |2 eng 
650 4 |a traffic  |2 eng 
650 4 |a Nové Mesto nad Váhom  |2 slo 
650 4 |a doprava  |2 slo 
650 4 |a autobusová stanica  |2 slo 
700 1 |a Hermann, Juraj  |u 010310  |k Z8  |4 ths  |U SvF Stavebná fakulta  |T SvF Katedra architektúry  |X 95063  |U V181|V310  |Y 19  |7 95063 
856 4 |u http://is.stuba.sk/zp/portal_zp.pl?podrobnosti=176347 
856 4 |u https://opac.crzp.sk/?fn=detailBiblioForm&sid=809C367C54749DCAA248ABFF7E5A  |z CRZP